Piepel /

Saved in:
Bibliografiske detaljer
Hovedforfatter: Ka-tzetnik 135633 (Author)
Andre forfattere: Lax, Lydia
Format: Bog
Sprog:italiensk
Udgivet: Milano : Mondadori, 1975
Serier:Oscar ; 376
Tags: Tilføj Tag
Ingen Tags, Vær først til at tagge denne postø!

MARC

LEADER 00000nam a22000007i 4500
001 IT\ICCU\MO1\0015303
003 ItRI
005 20250703210128.0
008 080519s1975 it |||||| ||||| |||||c
040 |b ita  |c Arcigay Genova 
041 7 |a ita  |2 ISO-639-2 
100 0 |a Ka-tzetnik 135633  |0 IT\ICCU\CFIV\019319  |4 aut 
245 1 0 |a Piepel /  |c Ka-tzetnik 135633 ; Traduzione di Lidia Lax. 
260 |a Milano :  |b Mondadori,  |c 1975 
300 |a 276 p. ;  |c 19 cm 
700 1 |a Lax, Lydia  |0 IT\ICCU\CFIV\010643 
830 0 |a Oscar ;  |v 376  |0 IT\ICCU\CFI\0000102 
942 |2 ddc  |c BK 
952 |0 0  |1 0  |2 ddc  |4 0  |6 B_LNR02KATZEPIE11  |7 1  |9 4497  |a MI  |b MI  |d 1987-06-01  |i 136  |l 0  |o B-LNR02-KATZE-PIE11  |p CDOM136  |r 2025-07-03 11:33:46  |w 2025-07-03  |x DONO  |y BK 
981 1 |6 z01  |a i   |b xxxe  
982 1 |6 z01  |a n 
999 |c 3536  |d 3536